| 000 | 00485cam a2200193ua 4500 | ||
|---|---|---|---|
| 020 | _c200.00 | ||
| 041 |
_aeng _h |
||
| 082 |
_a532 _bRAG/FL |
||
| 100 | _aRaghunath, H.M . | ||
| 245 |
_aFluid mechanics and machinery / _cH.M.Raghunath. _hTextual Documents |
||
| 250 |
_a1 / _b. |
||
| 260 |
_aNew Delhi : _bC B S Publishers & Distributers , _c1987. |
||
| 300 | _a907 ; . | ||
| 365 | _a200.00 | ||
| 504 | _a | ||
| 942 | _cBK | ||
| 999 |
_c1683 _d1683 |
||